La matière & la force (Record no. 166747)

MARC details
000 -LEADER
campo de control de longitud fija 00716nam a22002055i 4500
001 - NÚMERO DE CONTROL
campo de control 166747
003 - IDENTIFICADOR DE NÚMERO DE CONTROL
campo de control ES-MaACL
005 - FECHA Y HORA DE LA ÚLTIMA TRANSACCIÓN
campo de control 20250927114717.0
008 - DATOS DE LONGITUD FIJA--INFORMACIÓN GENERAL
campo de control de longitud fija 990217m18671899fr |||| | fre d
040 ## - FUENTE DE CATALOGACIÓN
Centro catalogador/agencia de origen CCPB | B
Lengua de catalogación spa
Centro/agencia transcriptor CCPB | B
100 1# - ENTRADA PRINCIPAL--NOMBRE DE PERSONA
Nombre de persona Tyndall, John (
Fechas asociadas al nombre 1820-1893)
9 (RLIN) 133425
245 13 - MENCIÓN DEL TÍTULO
Título La matière & la force
Resto del título : la force... /
Mención de responsabilidad, etc. John Tyndall ; traduites en français et suivies d'une dissertation par l'Abbé Moigno.
260 ## - PUBLICACIÓN, DISTRIBUCIÓN, ETC.
Lugar de publicación, distribución, etc. Paris :
Nombre del editor, distribuidor, etc. Gauthier-Villars,
Fecha de publicación, distribución, etc. [s.a.]
300 ## - DESCRIPCIÓN FÍSICA
Extensión 74 p. ;
Dimensiones 18 cm.
596 ## - NOTA AL PIE DE IMPRENTA
NOTA AL PIE DE IMPRENTA Ed. ejerce ca. 1867-99.
650 #7 - PUNTO DE ACCESO ADICIONAL DE MATERIA--TÉRMINO DE MATERIA
Término de materia o nombre geográfico como elemento de entrada Física
Fuente del encabezamiento o término embne
9 (RLIN) 12877
700 1# - ENTRADA AGREGADA--NOMBRE PERSONAL
Nombre de persona Moigno, François,
Fechas asociadas al nombre 1804-1884
9 (RLIN) 130010
852 ## - LOCALIZACIÓN
Ubicación ES-MaACL
Número de control de estantería F-12894
Nota libre -- Enc. hol.
Holdings
Estatus retirado Estado de pérdida Estado de daño No para préstamo Biblioteca de origen Biblioteca actual Ubicación en estantería Fecha de adquisición Fuente de adquisición Total de préstamos Signatura topográfica completa Código de barras Visto por última vez Precio de reemplazo Tipo de ítem Koha
        Biblioteca del Ateneo de Madrid Biblioteca del Ateneo de Madrid Sala Pecera Planta 2 17/01/2008     F-12894 1174882 23/02/2023 23/02/2023 Libro impreso